| 000 | 01098nac a22003017a 4500 | ||
|---|---|---|---|
| 001 | BR7902860 | ||
| 003 | BR-BrBNA | ||
| 005 | 20240105114430.0 | ||
| 008 | 230509b bl.|||m| |||| 00| 0 por d | ||
| 040 |
_aBR-BrBNA _bpor _cBiblioteca Nacional de Agricultura |
||
| 072 | _aF00; F60 | ||
| 090 | _a0150 BR7902860 | ||
| 100 | 1 | _aAmorim Neto, S. | |
| 100 | 1 | _aOliveira, A.B. de | |
| 110 | 1 | _aEmpresa de Pesquisa Agropecuaria do Estado do Rio de Janeiro, Niteroi (Brasil) | |
| 245 | 1 | _aDeterminacao da formacao do primordio floral em diferentes epocas de semeadura de arroz (Oryza sativa L.)para fins de adubacao nitrogenada em cobertura [Rio de Janeiro] | |
| 260 | 3 |
_aNiteroi, RJ (Brasil): _c1979. |
|
| 300 | _a3 p. | ||
| 490 |
_aComunicado Tecnico - Empresa de Pesquisa Agropecuaria do Estado do Rio de Janeiro (Brazil) _vno. 27 _xISSN 0100-896X |
||
| 650 | _aARROZ | ||
| 650 | _aFLORACAO | ||
| 650 | _aFOTOPERIODISMO | ||
| 650 | _aSEMEADURA | ||
| 650 | _aADUBACAO | ||
| 650 | _aFERTILIZANTE NITROGENADO | ||
| 909 |
_a202312 _bLúcia Elande _c55 _dLúcia Elande |
||
| 942 |
_2AGRIS _n0 _cMS |
||
| 999 |
_c269324 _d269324 |
||